zpět

Detail výsledku týmu

Kozlovna U Ježka, Ostrava

Datum a čas kvízu

36.5 Celkem bodů Celkový počet nahraných bodů na tomto kvízu bez doplňovacích otázek.
1. Pořadí na kvízu Konečné umístění týmu na tomto kvízu.

Zaznamenané odpovědi

# Otázka Odpověď Body Výsledky
1. Který 63letý muž se ve čtvrtek... Jiří Kajínek 0
2. Papež František schválil svato... Boží influencer 1
3. Která hollywoodská herečka si... Scarlett Johansson 1
4. Je možné, že si v brzké době p... Mondeléz (Mondeléz International) 1
5. „Bohužel nemám dobré zprávy. K... Patrik Kincl 1
6. Jak se nazývají dva nejdůležit... Franská říše, Byzantská (Východořímská) říše 1
7. Jak se jmenoval významný střed... Magna Carta (Magna charta libertatum) 1
8. Jak se jmenoval český kníže z... Vratislav 0
9. Vytvořte z těchto středověkých... 1D 2C 3A 4B 1
10. Závěrem tématu se podíváme na... tulipán 0